Statistics for Geography Containing the Letter Q

Click here to take the quiz!

General Stats

  • This quiz has been taken 8,642 times
    (8,614 since last reset)
  • The average score is 12 of 20

Answer Stats

Clue Place % Correct
Baghdad is its capitalIraq
98%
Line that has a latitude of 0°Equator
94%
2022 men's FIFA World Cup host nationQatar
93%
African mainland country nearest to MadagascarMozambique
89%
Most populous cities in EcuadorQuito
84%
Mecca is home to the world's largest of this type of buildingMosque
78%
English translation of piazza or plazaSquare
73%
Neighborhood of New Orleans in which you'd find Bourbon StreetFrench {Quarter}
73%
National Park in California, named after the world's largest type of treeSequoia
68%
Biggest city in New MexicoAlbuquerque
68%
Autonomous region in northeast Spain whose largest city is Bilbao{Basque} Country
64%
Suburb of Manila, technically the largest city in the Philippines{Quezon} City
54%
Historical name of Nicaragua's eastern coast (hint: an insect){Mosquito} Coast
54%
An underground layer of water that can be extracted via a wellAquifer
34%
Indigenous language that is official in Peru and BoliviaQuechua
34%
What the GINI coefficient measuresIncome {Inequality}
34%
French territory just 25 km off the coast of NewfoundlandSaint Pierre and {Miquelon}
31%
Most populous cities in EcuadorGuayaquil
27%
Major city on the northern coast of Colombia; Shakira's home townBarranquilla
25%
Capital of the Chinese region of XinjiangÜrümqi
21%

Score Distribution

Percentile by Number Answered

Percent of People with Each Score

Your Score History

You have not taken this quiz since the last reset